| 000 | 00431nam a2200145 i 4500 | ||
|---|---|---|---|
| 001 | 61133 | ||
| 003 | ES-MaACL | ||
| 005 | 20230906164357.0 | ||
| 007 | t| | ||
| 008 | 031110s1971 sp ||||1| spa d | ||
| 245 | 0 | 3 |
_aLa ética bíblica _b: XXIX Semana Biblica Española (Madrid, 22-26 sept., 1969). |
| 260 |
_aMadrid : _bInstituto Francisco Suárez, _c1971. |
||
| 300 |
_a331 p. ; _c26 cm. |
||
| 852 |
_aES-MaACL _jC-43427 _bR.81195 |
||
| 999 |
_c61133 _d61133 |
||